Which UK county quiz - Statistics

General Stats
  • This quiz has been taken 67 times
  • The average score is 8 of 15
Answer Stats
Hint Answer % Correct
Home of the Lakes Cumbria
89%
Smallest UK County Rutland
86%
Only English County to have 2 separate coastlines Devon
81%
The broads Norfolk
76%
Largest island in Wales Anglesey
73%
Just some old stone circle you know Wiltshire
71%
Contains part of Exmoor but none of Dartmoor Somerset
70%
Welsh coastal national park Pembrokeshire
59%
Poldark? Cornwall
57%
Where Silverstone is Northamptonshire
38%
Has towns such as Yelverton, Kingsbridge and South Molton Devon
35%
Where the Wrekin is located Shropshire
33%
Where old Harry resides Dorset
25%
Home to Wales tallest mountain Gwynedd
24%
Most northerly Caithness
11%
No matching quizzes found
Score Distribution
Percent of People with Each Score
Percentile by Number Answered
Your Score History
You have not taken this quiz